000
00274nam a2200109Ia 4500
008
190216s9999||||xx |||||||||||||| ||und||
100
_a
Paul Hersey & Kenneth H B
245
0
_a
Management Of Organizational Behaviour
260
_b
Null
_c
1977
300
_a
360p
942
_c
BK
999
_c
4031
_d
4031